01460nam a2200349Ia 4500001001200000003000800012006001900020007001500039008004100054010001700095020003600112020001800148020001800166040002100184035002100205050002600226082002900252100002600281245011500307260005200422300002300474504006600497533015200563610003800715650005800753650005400811651005600865655002900921710001700950856012600967999001701093ebr10717530CaPaEBRm o u cr cn|||||||||020712s2003 ilua sb 001 0 eng d z 2002010953 z0252028082 (cloth : alk. paper) z9780252028083 z9780252092237 aCaPaEBRcCaPaEBR a(OCoLC)84752726514aJK1929.N8bR43 2003eb04a324.6/2/0899607307562211 aRedding, Kent,d1962-10aMaking race, making powerh[electronic resource] :bNorth Carolina's road to disfranchisement /cKent Redding. aUrbana :bUniversity of Illinois Press,cc2003. ax, 180 p. :bill.  aIncludes bibliographical references (p. [165]-175) and index. aElectronic reproduction.bPalo Alto, Calif. :cebrary,d2013.nAvailable via World Wide Web.nAccess may be limited to ebrary affiliated libraries.20aDemocratic Party (N.C.)xHistory. 0aAfrican AmericansxSuffragezNorth CarolinaxHistory. 0aPower (Social sciences)zNorth CarolinaxHistory. 0aNorth CarolinaxPolitics and governmenty1865-1950. 7aElectronic books.2local2 aebrary, Inc.40uhttp://site.ebrary.com/lib/rucke/Doc?id=10717530zAn electronic book accessible through the World Wide Web; click to view c27878d27878